000 00330nam a2200121Ia 4500
008 230303s9999 xx 000 0 und d
041 _aeng
082 _a620.001'51 POT
100 _aPotter(Merle.C) Goldberg(J.L) & Aboufadel(Edward.F
245 _aAdvanced Engineering Mathematics
260 _aNEW YORK,
_bOCLC E
365 _cRS
999 _c183026
_d183026